Responsabilidade disciplinar de membros do Ministério Público da União : (Record no. 598)

MARC details
000 -LÍDER
Campo Fixo de Controle 01043nam a2200277 a 4500
001 - NÚMERO DE CONTROLE
Campo de Controle 598
003 - IDENTIFICAÇÃO DO NÚMERO DE CONTROLE
Campo de Controle BR-CuiBMT
005 - DATA E HORA DA ÚLTIMA ATUALIZAÇÃO
Campo de Controle 20231110130009.0
008 - DADOS FIXOS
Dados Fixos 231101s2021 dfb 000 0 por d
020 ## - INTERNATIONAL STANDARD BOOK NUMBER
Nº do ISBN 9786588299876
040 ## - AGÊNCIA CATALOGADORA
Código da Agência Catalogadora BR-CuiBMT
Agência que transcreveu o registro BR-CuiBMT
080 ## - Nº DA CLASSIFICAÇÃO DECIMAL UNIVERSAL
Nº Class. CDU 35.077.3
Nº edição CDU 2007
090 ## - NÚMERO DE CHAMADA
Nº classificação 35.077.3
Cutter R484r
100 1# - ENTRADA PRINCIPAL -- AUTOR PESSOAL
Nome pessoal Ribeiro, Márcio de Aguiar
245 0# - TÍTULO PRINCIPAL
Título principal Responsabilidade disciplinar de membros do Ministério Público da União :
Subtítulo sindicância, inquérito administrativo e processo administrativo disciplinar /
Indicação de responsabilidade Márcio de Aguiar Ribeiro.
260 ## - PUBLICAÇÃO, DISTRIBUIÇÃO, ETC.
Local de publicação Brasília :
Editora ESMPU,
Data c2021.
300 ## - DESCRIÇÃO FÍSICA
N. páginas ou volumes 395 p. :
Dimensões 23 cm
500 ## - NOTAS GERAIS
Notas gerais República Federativa do Brasil Ministério Público da União. Escola Superior do Ministério Público da União.
504 ## - NOTA DE BIBLIOGRAFIA, ETC.
Nota de bibliografia Inclui bibliografia.
650 ## - ASSUNTO TÓPICO
Cabeçalho tópico ou nome geográfico Direito administrativo
650 ## - ASSUNTO TÓPICO
Cabeçalho tópico ou nome geográfico Direito disciplinar
Subdivisão geral Processos
650 ## - ASSUNTO TÓPICO
Cabeçalho tópico ou nome geográfico Sindicância administrativa
650 ## - ASSUNTO TÓPICO
Cabeçalho tópico ou nome geográfico Inquérito administrativo
Subdivisão geográfica Brasil
650 ## - ASSUNTO TÓPICO
Cabeçalho tópico ou nome geográfico Sanção administrativa
Subdivisão geográfica Brasil
942 ## - ELEMENTOS DE ENTRADA ADICIONAIS (KOHA)
Fonte de classificação ou esquema de arquivamento Classificação Decimal Universal
Tipo de item do Koha Livros
Holdings
Estado: removido Estado: perdido Fonte de classificação ou esquema de arquivamento Estado: danificado Indisponível para empréstimo Localização permanente Localização atual Data de aquisição Total Checkouts Número de Chamada completo Código de barras Date last seen Número do exemplar Preço efetivo a partir de Tipo de item (Koha)
    Classificação Decimal Universal     Biblioteca da Escola Superior de Contas do TCE/MT Biblioteca da Escola Superior de Contas do TCE/MT 10/11/2023   35.077.3 R484r BIBTCEMT23110410 10/11/2023 Ex. 1 10/11/2023 Livros

Powered by Koha